[Event "RUS-chT 13th"]
[Site "Sochi"]
[Date "2006.04.30"]
[Round "11"]
[White "Shirov, Alexei"]
[Black "Volokitin, Andrei"]
[Result "1/2-1/2"]
[WhiteElo "2699"]
[BlackElo "2660"]
[Annotator "Shirov,A"]
[PlyCount "90"]
[EventDate "2006.04.20"]
[EventType "team-tourn"]
[EventRounds "11"]
[EventCountry "RUS"]
[SourceTitle "EXT 2020"]
[Source "ChessBase"]
[SourceDate "2019.10.17"]
[SourceVersion "1"]
[SourceVersionDate "2019.10.17"]
[SourceQuality "1"]
[WhiteTeam "Sverdlovsk Ural region"]
[BlackTeam "Saransk TPS"]
[WhiteTeamCountry "RUS"]
[BlackTeamCountry "RUS"]

1. d4 Nf6 2. c4 e6 3. Nc3 Bb4 {I wasn't upset by Volokitin's choice of Nimzo
as I myself started employing it recently as Black.} 4. Qc2 {After an
unfortunate opening outcome against Ivan Sokolov in last Poikovsky (I drew
that game with Black but a certain portion of luck was needed) I decided to
give a closer look at the whole 4.Qc2 system and realized that there are still
some hidden nuances. It is also true that I employed it when occasionally
playing 1.d4 in 1997 and 2000.} O-O 5. a3 Bxc3+ 6. Qxc3 b6 7. Bg5 Bb7 8. e3 {
I consider this move to be more critical than 8.f3 that Eljanov played a day
earlier against me or 8.Nf3 and 8.Nh3 that I faced in former times.} d6 9. Ne2
Nbd7 10. Qd3 {Following Ivan's play.} c5 (10... Ba6 11. Nc3 d5 12. Qc2 Bxc4 13.
Bxc4 dxc4 14. Qa4 c5 15. Rd1 $1 {would be Ivan's idea (as he said he prepared
it together with Suat Atalik) that made me suffer in Poikovsky but then get an
important point as White against Naiditsch in Dagomys. For some misterious
reason Black is always short of achieving complete equality and has to deal
with some unpleasant practical problems.}) 11. Nc3 Qe7 12. Be2 $5 {A novelty
which was not really prepared (just thought about) before the game. Such an
intuitive pawn sacrifice is more typical of my old play but... why not again!
I felt that my attacking possibilities should compensate the disadvantage and
after all wasn't it Tal who said 'First sacrifice, then calculate'?. Of course,
it is also worth to mention that White gets the open 'g' line, something that
in Tal's hands already meant the victory! Well, not in my hands this time...} (
12. Rd1 {is what they play here but how White can castle queenside then?})
12... Bxg2 {I would think twice or thrice before such a greedy move but as I
remember from his game against Shabalov (Calvia 2004) Andrei Volokitin likes
to grab material. And it is also possible that a cautious play like} (12...
Rfd8 13. O-O {would not equalise entirely.}) 13. Rg1 Bb7 14. O-O-O Rfc8 {
Apart from being an exceptionally good calculator, Volokitin also posseses a
strong practical skill - he often makes unexpected moves. In this case I am
not sure of its value though, as White's answer could be in his plans anyway,
so putting the rook on c8 might be a waste of tempo. I anticipated} (14... Kh8
{and was going to decide whether to go for a slightly better endgame after} 15.
dxc5 Nxc5 16. Qxd6 Qxd6 17. Rxd6 Nfe4 18. Nxe4 Nxe4 19. Rd7 {or try to create
the attack on the kingside. But Black's move left me only with the second
option!}) 15. d5 $1 ({The inclusion of} 15. Bh6 g6 {would be unnecessary as
the bishop is very strong on g5 and sooner or later Black will weaken his
kingside anyway.}) 15... exd5 (15... Ne5 {is just a pseudo-activity as after}
16. Qc2 exd5 17. cxd5 {Black would also have to deal with the threat of 18.Ne4.
}) 16. cxd5 a6 17. Qf5 ({A clear indication of my shaky form in Dagomys was
that only after making my moves (almost in every game I played relatively fast)
I noticed interesting alternatives which then would drive my concentration
away as I would just calculate them instead of thinking about the actual
position! OK, in this game the excuse is that the alternatives are really
fascinating such as} 17. Bg4 $5 Ne5 18. Qc2 {and Black faces a tough choice.
He should probably play} Nexg4 (18... Re8 {what I 'considered' during the game
after playing 17.Qf5, is probably dangerous due to} 19. Bf5 $1 Nf3 20. Bxf6
Qxf6 21. Rg3 $1) 19. Rxg4 Qe5 (19... Re8 $2 20. Rf4) 20. Bxf6 Qxf6 21. Ne4 Qe7
22. Rdg1 g6 {but then White still continues his attack getting back the pawn
after} 23. Rf4 f5 24. Rxf5 Rf8 25. Rfg5 $1 {and Black has to be very careful,
for example a natural move} Rae8 {loses brilliantly to} 26. Rxg6+ $1 hxg6 27.
Rxg6+ Kh8 28. Nxd6 $1 {and Black can't defend or move.... his rook on e8 as he
gets mated then!}) 17... b5 18. Bd3 g6 ({The only move as} 18... Qe5 19. Bf4
Qxf5 20. Bxf5 {would lead to a hopeless endgame.}) 19. Ne4 $1 {This natural
queen sacrifice took me a lot of time spent... for} (19. Qh3 {which looks
tempting (after all the attack continues!) but offers Black just enough
counterplay after} b4 20. Ne4 c4 21. Bc2 c3 $1 ({not} 21... b3 22. Qh4 $1 bxc2
23. Rd4 $1 Qxe4 24. Rxe4 Nxe4 25. Qxe4 Nc5 26. Qf5 $1 $16) 22. Qh4 $1 (22. b3
$6 bxa3 23. Kb1 (23. Nxf6+ Nxf6 24. Kb1 Qd7 25. Qh6 Ne8) 23... Qxe4 $1 24. Bxe4
Nxe4 $15) (22. bxc3 b3 23. Qh4 bxc2 24. Rd4 Nxe4 25. Bxe7 Nxc3 26. Kxc2 Ne2+
27. Kd1 Nxg1 28. Qg4 Ne5 29. Qxg1 Nf3 30. Qg4 Nxd4 31. Qxd4 Rc7 $13) 22...
cxb2+ 23. Kb1 b3 $1 (23... Rxc2 $2 24. Bxf6 Rc1+ 25. Rxc1 bxc1=Q+ 26. Rxc1 Nxf6
27. Nxf6+ Kg7 28. Nh5+ Kf8 29. Qxe7+ Kxe7 30. Rc7+ Kf8 31. Rxb7 gxh5 32. axb4
$16) {and even though White's position looks very attractive after} 24. Bd3 Kg7
{, I don't see anything better than a move's repetition.}) 19... gxf5 20. Bxf6+
$2 {Oh dear... Right after this natural capture I saw} (20. Nxf6+ $1 {which
would be not only much more brilliant but also stronger e.g.} Nxf6 (20... Kg7
21. Ng8 $5 ({fritzy, of course! However the human continuation} 21. Nh5+ Kf8
22. Bxf5 $1 (22. Bxe7+ Kxe7 23. Bxf5 Rh8 $14) (22. Bh6+ $5 Ke8 23. Rg8+ Nf8 24.
Bxf5 $14) 22... Qe5 23. Bxd7 Rc7 24. Bf4 Rxd7 25. Bxe5 dxe5 26. e4 $1 $16 {
is also very promising}) 21... Qxg5 (21... Qe8 22. Bh6+ Kh8 23. Nf6 Nxf6 24.
Bg7+ Kg8 25. Bxf6+ Kf8 26. Bxf5 Qd8 27. Bxd8 Rxd8 28. Bxh7 Ke7 29. e4 $16) 22.
Rxg5+ Kh8 23. Ne7 $1 $16) (20... Qxf6 21. Bxf6+ Kf8 22. Bh4 $18) 21. Bxf6+ Kf8
22. Rg8+ $1 {(for some misterious reason I missed this move when thinking
about 19.Ne4! and not checking things up after 19...gxf5)} Kxg8 23. Bxe7 f6 {
(the only defence)} 24. Bxf5 Kf7 25. Bxd6 Re8 26. Bxc5 $1 Bc8 (26... h5 27.
Be6+ Rxe6 28. dxe6+ Kxe6 29. Rd6+ $16) 27. Bxh7 Rh8 28. Bc2 Rxh2 29. Rg1 Rh6
30. Kd2 $16 {and White should win this endgame.}) 20... Kf8 21. Bxe7+ Kxe7 22.
Ng3 {This is what I meant when playing 19.Ne4. White is also better here but
not as much as after 20.Nxf6+!} Nf6 $2 {However now Black gets into trouble
again. It was also bad to continue} (22... Bxd5 $2 23. Nxf5+ Ke6 24. Bc2 $1 Nf6
25. e4 $1 Bxe4 26. Nxd6 Bxc2 27. Kxc2 {and White wins but after}) (22... Ne5 $1
{Black would be only slightly worse e.g.} 23. Bxf5 (23. Nxf5+ Kd7 24. Be4 $14 {
would be another option to consider}) 23... Rh8 24. Bh3 $1 $14) 23. Nxf5+ Kd7
24. e4 $1 Rg8 25. Nh6 $1 Rxg1 26. Rxg1 {Now White is more or less winning and
I had more or less enough time. But it wasn't my day. I should also mention
that once again in trouble Volokitin starts defending very accurately.} Rf8 27.
Rg7 Ke7 28. Nf5+ Kd7 29. Kd2 Bc8 30. b4 $5 {Afterwards I felt frustrated about
this move that loses a tempo gives Black the passed pawn. However getting the
d4 square is also important, so now I feel it's not a bad decision. There was
no forced win after} (30. Ke3 Kc7 31. Nh6 Bd7 $16 {or}) (30. f3 h5 31. Ke3 Ne8
32. Rh7 Kd8 33. Rxh5 (33. Ng3 Nf6 34. Rh6 Ke7 $16) 33... Bxf5 34. Rxf5 Ke7 $16)
30... c4 31. Bc2 h5 32. h4 $2 {But this is a terrible mistake. I calculated
the line that actually happened in the game up to the 40th move and for some
misterious reason I decided it was winning for White. But it is not. Meanwhile
the quiet} (32. f3 h4 33. a4 $1 {would create another weakness on b5 and bring
White the decisive advantage.}) 32... Kc7 33. Nh6 Ng4 34. Nxf7 $6 {I could
still be better after} (34. Nxg4 hxg4 $1 (34... Bxg4 35. Ke3 $16) 35. Bd1 Kd8
36. Bxg4 Bxg4 37. Rxg4 {but after} Rh8 $1 $14 {Black's drawing chances would
already be very good due to the strong c4 pawn.}) 34... Nxf2 35. Ne5+ Kb6 36.
a4 $1 a5 $1 37. bxa5+ Kxa5 38. Nc6+ (38. Rf7 Rxf7 39. Nxf7 bxa4 40. Nxd6 Ba6) (
{or} 38. Nf7 Ng4 39. axb5 Kb4 $1 {would be very unclear}) 38... Kb6 39. a5+ Kc5
40. Rc7 {Here Volokitin spent almost all his remaining time and suddenly played
} Ng4 $4 ({while it was already downing at me that after} 40... Bg4 {I would
probably have nothing better than moves' repetition with} 41. Na7+ Kb4 42. Nc6+
{etc.}) 41. Kc3 $4 {Oh, no! Playing instantly with the time-control already
reached just because I thought I was winning on spot. Which would actually be
the case after} (41. Bd1 $1 {and Black wouldn't get any compensation for the
piece he can't avoid losing.}) 41... Rf3+ 42. Kb2 Rf2 {Now Black threatens 43..
.Ne3, so having thought for nearly an hour (a bit late, wasn't it?) I splitted
the point for good.} 43. Ne5+ Kb4 44. Nc6+ Kc5 45. Ne5+ Kb4 {All the six games
of the match ended in a draw, so we became champions but it was still very
difficult to avoid the frustration with the game where at least three times I
missed a clear improvement on what I played.  Now looking back I can console
myself with the thought that I also made some good and creative moves unlike
in the middle of the event when I made several insipid draws.} 1/2-1/2

[Event "ISR-chT"]
[Site "Israel"]
[Date "1999.01.08"]
[Round "1"]
[White "Smirin, Ilia"]
[Black "Zifroni, Dov"]
[Result "1-0"]
[WhiteElo "2615"]
[BlackElo "2505"]
[Annotator "Smirin,I"]
[PlyCount "73"]
[EventDate "1999.01.??"]
[EventType "team"]
[EventRounds "11"]
[EventCountry "ISR"]
[SourceTitle "CBM 070"]
[Source "ChessBase"]
[SourceDate "1999.06.08"]
[SourceVersion "1"]
[SourceVersionDate "1999.06.08"]
[SourceQuality "1"]

1. c4 {Tyomkin,D} c6 2. e4 d5 3. exd5 cxd5 4. d4 Nf6 5. Nc3 e6 6. Nf3 Bb4 7.
Qc2 O-O (7... Nc6 8. a3 Be7 9. c5 a5 10. Bb5 Bd7 11. O-O O-O 12. Bxc6 Bxc6 13.
Ne5 Nd7 $11 {1/2-1/2 Garcia,G-Kumaran,D/Oviedo rapid 1993 (34)}) (7... dxc4 $6
8. Bxc4 a6 9. O-O b5 10. Bb3 Bb7 11. d5 $1 Nxd5 12. Nxd5 Bxd5 13. Bg5 $44 Bxb3
$4 14. axb3 Be7 15. Rfd1 $18 {1-0 Zifroni,D-Karolyi,T/Tel Aviv ISR 1999 (20)})
8. Bg5 (8. Bd3 dxc4 9. Bxc4 b6 10. a3 Be7 11. Be3 Bb7 12. Ne5 Nc6 13. Rd1 Qc8
14. Bd3 g6 15. O-O Rd8 16. Qe2 Nxe5 17. dxe5 Nd7 $11 {1/2-1/2 Tirard,H-Zelcic,
R/FIJ97 B16 1997 (43)}) 8... h6 9. Bh4 Nc6 $5 $146 (9... b6 10. cxd5 Bb7 $5 11.
Be2 (11. dxe6 Bxf3 $36 {[%cal Gd8d4]}) 11... Bxd5 12. O-O Bxc3 13. bxc3 Nbd7
14. c4 Be4 15. Qd2 Rc8 16. Qe3 $14 {0-1 Serra Olives,T-Magem Badals,J/Linares
ESP 1998 (41)}) 10. Rd1 Be7 11. a3 b6 (11... Nh5 $5 12. Bxe7 (12. Bg3 Nxg3 13.
hxg3 Bf6 14. c5 a5) 12... Qxe7 13. Qd2 $11 {[%csl Gf4]}) 12. Bd3 Bb7 (12... Ba6
$5 13. Qa4 dxc4 {This is quality sacrifice.} 14. Bxf6 Bxf6 15. Be4 Na5 16. Bxa8
Qxa8 $132 {Black has a sharp play with pair of bishops and the pressure over
big diagonal a8-h1.}) 13. Bxf6 Bxf6 14. cxd5 exd5 15. O-O Re8 (15... Na5 $142
$11 {[%csl Yb7,Gc4][%cal Ga5c4] looking for outpost-c4 for the knight.After
exchange the knight on-c4 black takes dxc4 and gets strong bishop on big
diagonal.}) 16. b4 $1 {capturing the space on the queenside.Now black hasn't
possibility to transfer the knight to-c4.} Rc8 17. Bh7+ Kh8 18. Bf5 Rc7 19. Qb3
Ne7 20. Bb1 $14 {[%csl Rh8][%cal Gf1e1,Yf3e5,Gb3c2] White pieces take
comfortable places,black bishops are passive.With the last move white prepares
the attack to the black king.} Ba6 $1 21. Rfe1 (21. b5 Bc8 {[%csl Gf5]}) 21...
Bc4 22. Qc2 g6 23. Ne5 Kg7 (23... Bxe5 $2 24. dxe5 $16 {[%csl Rd4,Rd5][%cal
Ye5e6,Gc2d2]}) 24. Qd2 Qc8 $1 {aimed against Ng4.} (24... Z0 $140 25. Ng4 Bg5
26. f4) 25. Rc1 Rd8 26. h3 {[%cal Ge5g4]} Bg5 (26... a6 $142 {[%cal Gb6b5]} 27.
Ng4 Bg5 28. f4 Bh4 $14) 27. f4 Bh4 28. Red1 a6 (28... Bb3 29. Rf1) 29. g4 $1 {
continuing with the same strategy.The last move gains more space on the
kingside,f4-f5 break always threatens.} Bb3 30. Rf1 Nc6 31. Nf3 Be7 32. Rce1
Re8 $2 ({Correct move was:} 32... Bf6 33. f5 $140 g5) {Now white is starting
decisive break:} 33. f5 $1 {[%mdl 128]} Bf6 $138 (33... g5 {[%tqu "En","How to
break the defense?","","","e1e7","",10]} 34. Rxe7 $1 Rcxe7 (34... Nxe7 35. f6+
$1 Kh8 36. Nxg5 $1 $18) 35. f6+ (35. Nxg5 Kg8 36. f6 $16) 35... Kxf6 36. Qd3
Rc7 37. Nd2+ (37. Ne5+ Ke7) 37... Ke7 38. Nxb3 Nxb4 $8 39. Qf3 Rxc3 40. Qf6+
Kd7 41. Bf5+ $18) 34. fxg6 fxg6 ({Black had more persistent way:} 34... Rxe1
35. Rxe1 Ne7 (35... fxg6 36. Qd3 Ne7 37. Rxe7+ Bxe7 38. Qxg6+ Kf8 39. Qxh6+ $18
) 36. Ne2 fxg6 (36... Nxg6 37. Ng3 $16 {[%cal Yg3f5,Yg3h5]}) 37. Nf4 $16) 35.
Qd3 Rxe1 (35... Ne7 36. Rxe7+ $1 $18) 36. Qxg6+ Kh8 37. Qxf6+ 1-0

[Event "St Petersburg-ch"]
[Site "St Petersburg"]
[Date "1998.04.14"]
[Round "7"]
[White "Ivanov, Sergey"]
[Black "Solozhenkin, Evgeniy"]
[Result "0-1"]
[WhiteElo "2570"]
[BlackElo "2500"]
[Annotator "Solozhenkin,E"]
[PlyCount "116"]
[EventDate "1998.04.07"]
[EventType "tourn"]
[EventRounds "13"]
[EventCountry "RUS"]
[EventCategory "10"]
[SourceTitle "CBM 065"]
[Source "ChessBase"]
[SourceDate "1998.08.06"]
[SourceVersion "1"]
[SourceVersionDate "1998.08.06"]
[SourceQuality "1"]

1. d4 Nf6 2. c4 e6 3. Nc3 Bb4 4. Qc2 O-O 5. a3 Bxc3+ 6. Qxc3 b6 7. Bg5 Bb7 8.
e3 d6 9. f3 Nbd7 10. Bd3 h6 11. Bh4 c5 12. Ne2 Rc8 13. Qb3 cxd4 14. exd4 d5 15.
O-O dxc4 16. Bxc4 a6 $146 (16... Nb8) (16... Qc7) 17. a4 Rc6 $5 18. Rfe1 (18.
Rac1 Qa8 {/\Rfc8,Ne8}) (18. Nc3 $5) 18... Qc8 19. Rac1 Nd5 $1 $11 20. Bxd5 Rxc1
21. Rxc1 Bxd5 22. Rxc8 (22. Qb4 Qb7 23. Qc3 Nb8 $11) 22... Bxb3 23. Rc7 Nf6 24.
Bxf6 gxf6 25. Nc3 Rd8 26. Rb7 Rxd4 27. Rxb6 (27. a5 $5 b5 28. Rb6 Bc4 $132)
27... Bxa4 28. Rxa6 Bc2 29. Rb6 $6 (29. Kf2 Rb4 30. Ra2 $11) 29... f5 $1 30. g3
(30. b4 Rc4) 30... Kg7 $15 31. Kf2 Rd2+ 32. Ke3 Rxh2 33. b4 h5 34. b5 e5 $1 {
/\35...h4 36.gh4 f4 mate} 35. f4 Rg2 $1 36. Kf3 (36. fxe5 Rxg3+ 37. Kd2 Rg2+
38. Ke3 (38. Ne2 f4 39. Ke1 f3 40. Nf4 Rh2) 38... h4 39. Ra6 (39. e6 h3 40. e7
h2 41. e8=Q h1=Q 42. Qe5+ Kh7 $19) 39... Rg1 $1 40. Kf2 (40. Ra2 Rc1 41. Kf2 (
41. Ne2 h3) 41... h3 42. Kg3 f4+ 43. Kxh3 Bf5+ $19) 40... Rg3 41. Ra3 (41. Ne2
Rb3 42. b6 Be4) 41... f4 42. b6 Be4 $19) 36... Rd2 37. Rc6 e4+ 38. Ke3 Rd3+ 39.
Kf2 (39. Ke2 Rxg3 40. b6 Bd3+ {/\41... Ba6}) 39... Rf3+ 40. Kg2 Bd3 41. b6 Bf1+
$1 42. Kh2 Ba6 43. Nb5 $5 (43. Kg2 Rd3) 43... Rf2+ $1 (43... e3 $2 44. Nd4 $1
Rf2+ 45. Kg1 (45. Kh3 $2 e2 46. Rc1 Rf1 47. Nxe2 Bxe2 48. b7 Rf2 $19) 45...
Rf1+ 46. Kh2 e2 47. Nxe2 Bxe2 48. Rc2 $11) (43... Bxb5 $2 44. Rg6+ $3 $11 (44.
b7 $2 Rf2+ 45. Kg1 (45. Kh3 Bf1+) 45... Rf1+ 46. Kh2 (46. Kg2 Rb1) 46... Bxc6
47. b8=Q e3 48. Qe5+ Kg8 49. Qb8+ Kh7 $19)) 44. Kg1 Rf1+ $3 $19 45. Kg2 (45.
Kh2 e3 $19) 45... Bxb5 46. b7 Rb1 47. b8=Q Bf1+ 48. Kf2 Rxb8 49. Kxf1 Rb3 50.
Kg2 Rf3 51. Kh3 Rf2 52. Rc8 e3 53. Re8 e2 54. Re5 f6 55. Re7+ Kf8 56. Re6 Kf7
57. Re3 h4 58. gxh4 Rf3+ 0-1

[Event "Linares 10th"]
[Site "Linares"]
[Date "1992.??.??"]
[Round "3"]
[White "Ljubojevic, Ljubomir"]
[Black "Speelman, Jonathan S"]
[Result "1-0"]
[WhiteElo "2610"]
[BlackElo "2630"]
[Annotator "Speelman,J"]
[PlyCount "87"]
[EventDate "1992.02.??"]
[EventType "tourn"]
[EventRounds "13"]
[EventCountry "ESP"]
[EventCategory "17"]
[SourceTitle "CBM 028"]
[Source "ChessBase"]
[SourceDate "1992.06.01"]
[SourceVersion "1"]
[SourceVersionDate "1992.06.01"]
[SourceQuality "1"]

1. d4 Nf6 2. c4 e6 3. Nc3 Bb4 4. Qc2 O-O 5. a3 Bxc3+ 6. Qxc3 b6 7. Bg5 c5 $5 8.
dxc5 bxc5 9. e3 Bb7 10. f3 a5 11. Bd3 d6 12. Ne2 Nbd7 13. Qc2 h6 14. Bf4 $5 (
14. Bh4 Ne5 {Ljubojevic}) 14... d5 15. Bg3 Nb6 16. Rd1 Qe7 17. O-O dxc4 $6 {
><c5, ><a5} (17... Ba6 18. cxd5 (18. b3 $6 a4 $1) 18... Bxd3 19. Rxd3) 18. Bxc4
Nxc4 19. Qxc4 Ba6 20. Qc2 Nd5 21. Kf2 $1 (21. Bf2 $2 Qg5 $1) 21... Qg5 $5 22.
Qd2 {/\ e4} f5 23. Rfe1 Rfd8 (23... Rad8 $5 {Rf8 is good for the f-file, but
a5 and c5 are weak.}) 24. Qc1 Qf6 25. Kg1 Rac8 $138 (25... Kh7 $5 26. e4 fxe4
27. fxe4 Bxe2 28. Rxe2 Nf4 29. Rf2 e5 30. Rxd8 (30. Rdf1 Nd3 $1 31. Rxf6 Nxc1
32. R6f2 Nd3) 30... Rxd8 31. Bxf4 exf4 32. h3 $1 (32. Rxf4 Qd4+ 33. Rf2 (33.
Kh1 Qxb2 $1) 33... Qxe4 (33... Rf8 $2 34. Qd2 $1) 34. Qc2 (34. Qxc5 Rd1+ 35.
Rf1 Rd2 36. Rf2 Rd1+ $10) 34... Rd3 $5 $13) (32. Qxf4 $4 Rd1+ 33. Rf1 Qxf4)
32... Qe5 $6 (32... g5 33. Qxc5 Rd1+ 34. Kh2 Qd4 $1) 33. Qxf4 $1 (33. Rxf4 $6
Rd4 34. Qe3 $2 (34. Rf1) 34... Rd1+ $13) 33... Rd1+ 34. Kh2 Qxf4+ 35. Rxf4 Rd2
36. Rf5 Rxb2 (36... c4 37. Rc5 Rc2 $132) 37. Rxc5 Re2 $132 38. Rc4 $1 (38. e5
$2 a4 $1 $14 39. Kg3 Re3+ 40. Kf4 $1) 38... Re3 39. Ra4 $1) 26. e4 $1 fxe4 27.
fxe4 Ne7 28. Bd6 Ng6 29. Ng3 Rd7 30. e5 Qf4 31. Qc2 Qg5 32. Ne4 Qf5 33. Qf2
Nxe5 $2 $138 {>< Ba6} (33... Nf4) 34. Qxf5 exf5 35. Nxc5 Rxd6 $6 (35... Nd3 36.
Rxd3 (36. Nxd7 Nxe1 37. Rxe1 (37. Nc5 Rc6 38. Nxa6 Rxa6 39. Be5 Nc2 40. Rd7 g5
$13 (40... Rg6 $2 41. Kf2 $18)) (37. Nb8 $1 {Controlling c6} Bb7 38. Rxe1 Rc2
39. Re8+ Kh7 40. Re7 Be4 41. Be5 Rxg2+ 42. Kf1 h5 43. Nd7 Kh6 44. b4 $18) 37...
Rd8 38. Re7 Bb5) 36... Bxd3 37. Nxd7 Rd8 38. Re7 Bb5 $1 $13) 36. Rxd6 Rxc5 37.
Rxa6 Nd3 38. Rb1 $1 Rb5 39. Rd6 Rb3 40. Rd5 a4 41. Rxf5 Nxb2 42. Rf4 Nd3 43.
Rxb3 axb3 44. Rf5 $1 1-0